| 000 | 00861cam a2200265 a 4500 | ||
|---|---|---|---|
| 001 | 16512 | ||
| 003 | BD-RjUL | ||
| 005 | 20211209000022.0 | ||
| 008 | 140213t2001 bg ab b 000 0 eng | ||
| 020 | _z9840741747 | ||
| 035 | _a(BD-RjUL)16567 | ||
| 040 |
_aDLC _cDLC _dDLC _dBD-RjUL _beng |
||
| 041 | _aeng | ||
| 082 | 0 | 4 |
_a745.95492 _bTAF 2001 |
| 100 | 1 |
_aTalukder, Shahariar, _d1953- _951036 |
|
| 245 | 1 | 0 |
_aFolk art of Bangladesh through ethno-archaeological perspective / _cShahariar Talukder. |
| 250 | _a1st ed. | ||
| 260 |
_aDhaka : _bBangla Academy, _c2001. |
||
| 300 |
_a8, 452 p. : _bill. ; _c23 cm. |
||
| 504 | _aIncludes bibliographical references ([329]-337). | ||
| 650 | 0 |
_aFolk art _zBangladesh. _951037 |
|
| 856 | 4 | 1 |
_3Table of contents _uhttp://www.loc.gov/catdir/toc/fy032/2001435867.html |
| 942 |
_2ddc _cBK |
||
| 999 |
_c16512 _d16512 |
||